[Event "Hamburg-chT Landesliga 1920"]
[Site "Hamburg"]
[Date "2021.08.22"]
[Round "9.3"]
[White "Paulsen, Tino"]
[Black "Thomaschke, Dirk"]
[Result "0-1"]
[WhiteElo "1810"]
[BlackElo "2160"]
[PlyCount "70"]
[EventDate "2019.09.29"]
[EventType "team-tourn"]
[EventRounds "9"]
[EventCountry "GER"]
[SourceTitle "EXT 2023"]
[Source "ChessBase"]
[SourceDate "2022.10.05"]
[SourceVersion "1"]
[SourceVersionDate "2022.10.05"]
[SourceQuality "1"]
[WhiteTeam "Hamburg Schachfreunde II"]
[BlackTeam "St Pauli III"]
[WhiteTeamCountry "GER"]
[BlackTeamCountry "GER"]

1. d4 Nf6 2. c4 e6 3. g3 Be7 4. Bg2 0-0 5. Nf3 b6 6. Ne5 c6 7. 0-0 d5 8. Nc3 Nfd7 9. cxd5 exd5 10. Nxd5 Nxe5 11. Nxe7+ Qxe7 12. dxe5 Qxe5 13. a4 Bg4 14. a5 b5 15. Bf4 Qe6 16. Qc2 Bh3 17. Rfd1 Bxg2 18. Kxg2 Na6 19. Rd6 Nb4 20. Qc3 Qe4+ 21. Kg1 Rfd8 22. Rad1 Rxd6 23. Bxd6 Rd8 24. Rd4 Qb1+ 25. Kg2 Nc2 26. Rg4 Ne1+ 27. Kh3 g6 28. Qf6 Rxd6 29. Qxd6 Qf5 30. Qd8+ Kg7 31. Qd4+ Kg8 32. Qf4 Qh5+ 33. Rh4 Qxe2 34. Qe4 Qf1+ 35. Kg4 f5+ 0-1

[Event "Hamburg-chT Landesliga 1920"]
[Site "Hamburg"]
[Date "2019.09.29"]
[Round "1.5"]
[White "Paulsen, Tino"]
[Black "Ahmels, Volker"]
[Result "1/2-1/2"]
[WhiteElo "1804"]
[BlackElo "2180"]
[PlyCount "93"]
[EventDate "2019.09.29"]
[EventType "team-tourn"]
[EventRounds "9"]
[EventCountry "GER"]
[SourceTitle "EXT 2021"]
[Source "ChessBase"]
[SourceDate "2020.10.23"]
[SourceVersion "1"]
[SourceVersionDate "2020.10.23"]
[SourceQuality "1"]

1. e4 e5 2. Nf3 Nf6 3. Nxe5 d6 4. Nf3 Nxe4 5. Nc3 Nf6 6. d4 Be7 7. Bd3 0-0 8. 0-0 Bg4 9. h3 Bh5 10. Ne4 Nxe4 11. Bxe4 d5 12. Bf5 Nc6 13. c3 Bf6 14. Bf4 Ne7 15. Bc2 Ng6 16. Bh2 Nh4 17. g4 Nxf3+ 18. Qxf3 Bg6 19. Bf5 c6 20. Rae1 Re8 21. Qd3 Re7 22. Be5 Qe8 23. Qg3 Bxe5 24. dxe5 c5 25. h4 f6 26. e6 Bxf5 27. gxf5 Rd8 28. Rd1 Qa4 29. Rfe1 Qxa2 30. Ra1 Qxb2 31. Rxa7 Qb6 32. Rea1 g6 33. Ra8 Kg7 34. Rxd8 Qxd8 35. h5 g5 36. h6+ Kxh6 37. f4 g4 38. Qh4+ Kg7 39. Kf2 Qf8 40. Rg1 Kh8 41. Rxg4 Rg7 42. Rg6 Qg8 43. e7 Rxg6 44. fxg6 Qxg6 45. Qxf6+ Qxf6 46. e8Q+ Kg7 47. Qd7+ 1/2-1/2

[Event "Lueneburg op-A"]
[Site "Lueneburg"]
[Date "2015.08.21"]
[Round "7"]
[White "Paulsen, Tino"]
[Black "Holinka, Henning"]
[Result "0-1"]
[WhiteElo "1822"]
[BlackElo "2003"]
[PlyCount "82"]
[EventDate "2015.08.15"]
[EventType "swiss"]
[EventRounds "9"]
[EventCountry "GER"]
[SourceTitle "EXT 2016"]
[Source "ChessBase"]
[SourceDate "2015.10.08"]
[SourceVersion "1"]
[SourceVersionDate "2015.10.08"]
[SourceQuality "1"]

1. e4 g6 2. Nc3 Bg7 3. g3 d6 4. Bg2 Nc6 5. Nge2 e5 6. d3 Be6 7. 0-0 Nge7 8. h3 0-0 9. Kh2 d5 10. Bg5 d4 11. Nd5 f6 12. Nxe7+ Nxe7 13. Bd2 c5 14. b3 b5 15. f4 Rc8 16. a4 a6 17. axb5 axb5 18. Ra6 Nc6 19. Qa1 Qd7 20. f5 Bf7 21. h4 Qb7 22. fxg6 hxg6 23. Qa3 c4 24. bxc4 bxc4 25. Ra1 c3 26. Bc1 Rfe8 27. Bh3 Rc7 28. Qa4 Nb4 29. Rb1 Qxa6 30. Qxb4 Bf8 31. Qb6 Qxb6 32. Rxb6 Kg7 33. g4 Bc5 34. Rb1 Be7 35. Ng3 Ra8 36. h5 Ra2 37. hxg6 Rxc2+ 38. Kg1 Bxg6 39. Nh5+ Kh7 40. Kf1 Bf7 41. Ra1 Ra2 0-1

[Event "Lueneburg op-A"]
[Site "Lueneburg"]
[Date "2015.08.19"]
[Round "5"]
[White "Paulsen, Tino"]
[Black "Kardoeus, David"]
[Result "0-1"]
[WhiteElo "1822"]
[BlackElo "2174"]
[PlyCount "68"]
[EventDate "2015.08.15"]
[EventType "swiss"]
[EventRounds "9"]
[EventCountry "GER"]
[SourceTitle "EXT 2016"]
[Source "ChessBase"]
[SourceDate "2015.10.08"]
[SourceVersion "1"]
[SourceVersionDate "2015.10.08"]
[SourceQuality "1"]

1. e4 c5 2. Nf3 Nc6 3. Nc3 Nf6 4. Bb5 d6 5. d4 cxd4 6. Qxd4 Bd7 7. Bxc6 Bxc6 8. Bg5 e6 9. 0-0-0 Be7 10. e5 dxe5 11. Qxe5 Qc8 12. Nd4 0-0 13. Nf5 exf5 14. Qxe7 Re8 15. Qa3 Ne4 16. Nxe4 Bxe4 17. Rd2 Qc6 18. f3 Qg6 19. h4 Bc6 20. Rd6 f6 21. Qb3+ Kh8 22. f4 Rf8 23. h5 Qe8 24. h6 Qe7 25. hxg7+ Qxg7 26. Bh6 Qxg2 27. Re1 Rfe8 28. Rde6 Be4 29. Rxf6 Rac8 30. c3 Qg3 31. Rd1 Qe3+ 32. Rd2 Rcd8 33. Qd1 Bf3 34. Qc2 Qg1+ 0-1

[Event "Lueneburg op-A"]
[Site "Lueneburg"]
[Date "2015.08.17"]
[Round "3"]
[White "Paulsen, Tino"]
[Black "Rogozenco, Teodora Nana"]
[Result "1/2-1/2"]
[WhiteElo "1822"]
[BlackElo "2096"]
[PlyCount "68"]
[EventDate "2015.08.15"]
[EventType "swiss"]
[EventRounds "9"]
[EventCountry "GER"]
[SourceTitle "EXT 2016"]
[Source "ChessBase"]
[SourceDate "2015.10.08"]
[SourceVersion "1"]
[SourceVersionDate "2015.10.08"]
[SourceQuality "1"]

1. c4 Nf6 2. g3 c6 3. Bg2 d5 4. Nf3 g6 5. b3 Bg7 6. Bb2 Qb6 7. Bd4 c5 8. Bc3 d4 9. Bb2 Nc6 10. 0-0 0-0 11. e3 Bf5 12. exd4 cxd4 13. Re1 d3 14. Ne5 Nxe5 15. c5 Qxc5 16. Rxe5 Qb6 17. Re3 Ng4 18. Bxg7 Nxe3 19. fxe3 Kxg7 20. Nc3 Rac8 21. Qf3 Rfd8 22. Qxb7 Qxb7 23. Bxb7 Rxc3 24. dxc3 Bg4 25. h3 d2 26. hxg4 d1Q+ 27. Rxd1 Rxd1+ 28. Kf2 Rd2+ 29. Kf3 Rxa2 30. g5 Rc2 31. c4 Rb2 32. Ke4 Rxb3 33. Bc6 Kf8 34. c5 e6 1/2-1/2

[Event "Hamburg St Pauli op-B"]
[Site "Hamburg"]
[Date "2014.07.25"]
[Round "7"]
[White "Paulsen, Tino"]
[Black "Weisshorn, Lasse"]
[Result "1-0"]
[WhiteElo "1790"]
[BlackElo "1635"]
[PlyCount "67"]
[EventDate "2014.07.19"]
[EventType "swiss"]
[EventRounds "9"]
[EventCountry "GER"]
[SourceTitle "CBM 161 Extra"]
[Source "ChessBase"]
[SourceDate "2014.08.29"]
[SourceVersion "1"]
[SourceVersionDate "2014.08.29"]
[SourceQuality "1"]

1. d4 Nf6 2. c4 c5 3. d5 b5 4. cxb5 a6 5. bxa6 g6 6. Nc3 Bxa6 7. g3 d6 8. Bg2 Bg7 9. Nf3 0-0 10. 0-0 Nbd7 11. Rb1 Qa5 12. Qc2 Rfb8 13. b3 Ng4 14. Bb2 Ra7 15. Nd2 Nb6 16. a3 Ne5 17. b4 cxb4 18. Nb3 bxc3 19. Nxa5 cxb2 20. Rxb2 Rc8 21. Qb3 Nbd7 22. Rc2 Rb8 23. Qe3 Nc5 24. Rxc5 dxc5 25. Qxc5 Rd7 26. Nc6 Rb5 27. Qc3 Ng4 28. Qc4 Nf6 29. Nb4 Rbxd5 30. Qxa6 R5d6 31. Qb5 Rd8 32. h3 Nd7 33. Nc6 Re8 34. a4 1-0